000 00267cam a2200109ua 4500
082 _a821
_bFEL/TH
100 _aFellow, Long .
_91847
245 _aThe Poems of Long Fellow /
260 _aLondon :
_bOxford University Press ,
_c1961.
300 _a886 ; .
942 _cBK
999 _c4462
_d4462